| 000 | 02264aam a2200361 i 4500 | ||
|---|---|---|---|
| 001 | 768714001 | ||
| 003 | CO-MdFUSB | ||
| 005 | 20220513171716.0 | ||
| 007 | ta | ||
| 008 | 160907t2015 -us |||| |||| 00| 0 eng d | ||
| 020 | _a9781587432910 | ||
| 040 |
_cCO-MdFUSB _aCO-MdFUSB _bspa _dCO-MdFUSBC _erda |
||
| 041 | 0 | _aeng | |
| 082 |
_224 _a220.77 _bB827b |
||
| 100 |
_aBarron, Robert, _eautor |
||
| 240 | _aPrimera de Samuel | ||
| 245 | 1 | 0 |
_a2 Samuel _c/ Roberto Barrón |
| 264 | 1 |
_aGrand Rapids, Michigan : _bBrazos Press, _c[2015] |
|
| 264 | 4 | _c© 2015 | |
| 300 |
_axx, 299 páginas _c; 24 cm |
||
| 336 |
_2rdacontent _atexto _btxt |
||
| 337 |
_2rdamedia _asin mediación _bn |
||
| 338 |
_2rdacarrier _avolumen _bnc |
||
| 490 | _aBrazos Theological Comentary on the Bible | ||
| 501 | _aPasta dura | ||
| 505 | _aPrefacio de la serie -- Introducción -- Serie uno : David llega al poder. 2 Samuel 1 -- 2 Samuel 2 -- Serie dos : Sacerdote y rey. 2 Samuel 3 -- 2 Samuel 4 -- 2 Samuel 5 -- 2 Samuel 6 -- 2 Samuel 7 -- 2 Samuel 8 -- 2 Samuel 9 -- 2 Samuel 10 -- Serie tres : David y Betsabé. 2 Samuel 11 -- Serie cuatro : Una espada nunca saldrá de tu casa. 2 Samuel 12 -- 2 Samuel 13 -- 2 Samuel 14 -- 2 Samuel 15 -- 2 Samuel 16 -- 2 Samuel 17 -- 2 Samuel 18 -- 2 Samuel 19 --2 Samuel 20 -- Serie cinco : Hacia el Templo. 2 Samuel 21 -- 2 Samuel 22 -- 2 Samuel 23 - 2 Samuel 24. | ||
| 520 | _aEl Comentario teológico de Brazos sobre la Biblia alienta a los lectores a explorar cómo las raíces vitales de la antigua tradición cristiana deberían informar y dar forma a la fidelidad hoy. En esta adición a la serie, el aclamado autor, orador y teólogo Robert Barron ofrece una exégesis teológica de 2 Samuel. Destaca tres temas principales: la trascendencia no competitiva de Dios, el juego entre la causalidad divina y la no divina , y el papel de la realeza del Antiguo Testamento. Al igual que con otros volúmenes de la serie, este libro es ideal para aquellos llamados al ministerio, sirviendo como un rico recurso para predicadores, maestros, estudiantes y grupos de estudio. | ||
| 563 | _aPasta dura | ||
| 630 | 7 |
_aBiblia. _pSamuel, 2° _xCrítica, interpretación, etc. |
|
| 942 | _cREF | ||
| 945 | _aJTF-925 | ||
| 999 |
_c67848 _d67848 |
||